Financial accounting : an introduction
| Main Author: | Berry, Aidan |
|---|---|
| Published: |
London:
Int. Thomson Business,
1999.
|
| Edition: | 2nd ed. |
| Subjects: |
| LEADER | 00580cam a2200193 7i4500 | ||
|---|---|---|---|
| 001 | 0000007142 | ||
| 005 | 20170218090000.0 | ||
| 020 | |a 186152479X (pbk.) | ||
| 020 | |a 9781861524799 | ||
| 090 | 0 | 0 | |a HF5635 |b .B35 1999 |
| 100 | 1 | |a Berry, Aidan | |
| 245 | 1 | 0 | |a Financial accounting : |b an introduction |c Aidan Berry. |
| 250 | |a 2nd ed. | ||
| 260 | |a London: |b Int. Thomson Business, |c 1999. | ||
| 300 | |a ix, 382 p.; |c 25 cm. | ||
| 650 | 0 | 0 | |a Financial accounting |
| 650 | 0 | 0 | |a Accounting |
| 997 | |a Business & Accountancy, Faculty | ||
| 999 | |a 0000002823 |b BOK |c OPEN SHELF |e 1st Floor, Shah Alam | ||


